01194 a2200205 45000010006000000050017000060080041000230030015000640400040000790800022001192450061001410200022002022640033002243000024002575050536002810410008008171000041008257000023008668560099008896036420260407155854.0260407a2012 arg spa dAR-UNSa-BCEJYS aAR-UNSa-BCEJYSbspacAR-UNSa-BCEJYS a657xContabilidad10aContabilidad. Conceptualización didáctica y aplicada a978-987-03-2255-9 1aBuenos Aires :bLa Leyc2012 axvi, 307 p.c24 cm. a1. Operaciones básicas – 2. Introducción a la técnica del ajuste por inflación – 3. Modelos contables – 4. Caja y bancos – 5. Inversiones temporarias – 6. Créditos por ventas y otros créditos – 7. Inversiones permanentes – 8. Bienes de cambio – 9. Bienes de uso – 10. Activos intangibles – 11. Compromisos ciertos – 12. Contingencias – 13. Patrimonio neto – 14. Ejercitación integradora – 15. Ejercitación integradora con estados contables básicos – 16. Estados de flujo de efectivo  aspa1 aPahlen Acuña, Ricardo Jose María1 aCampo, Ana María41uhttps://www.biblioeco.unsa.edu.ar/pmb/images/libros/L129116.jpgyImagen de portadaqimage/jpeg